000 00881nam a2200253 i 4500
001 bg
003 KOSZ 005
005 20200424112618.0
008 071007s1968 pl a f 001 0 pol
015 _aPB 1968/2670
040 _aWA N
_cKOSZ 005/RW
_dKOSZ 005/RW
080 _a37.02
100 1 _aOkoń, Wincenty
_d(1914-2011)
_eAutor
245 1 0 _aZarys dydaktyki ogólnej /
_cWincenty Okoń ; Instytut Pedagogiki.
250 _aWyd. 3 rozsz.
260 _aWarszawa :
_bPaństwowe Zakłady Wydawnictw Szkolnych,
_c1968.
300 _a323, [1] s. :
_bil. ;
_c23 cm.
380 _aKsiążki.
504 _aBibliogr. przy rozdz. Indeks.
650 4 _aNauczanie
710 2 _aPaństwowe Zakłady Wydawnictw Szkolnych
_4pbl.
856 _uhttp://koha.tu.koszalin.pl/cgi-bin/koha/opac-detail.pl?biblionumber=10952
_yKatalog online BPK
942 _2UKD
_cKS
999 _c10952
_d10952